[Event "North Bay int."]
[Site "North Bay CAN"]
[Date "1999.08.05"]
[Round "4"]
[White "Furstner, Nandor"]
[Black "Kirby, Patrick"]
[Result "0-1"]
[WhiteElo "2148"]
[BlackElo "2007"]
[PlyCount "94"]
[GameId "2160767911742587"]
[EventDate "1999.08.04"]
[EventType "swiss"]
[EventRounds "9"]
[EventCountry "CAN"]

1. e4 c5 2. Nf3 e6 3. d4 cxd4 4. Nxd4 a6 5. Bd3 g6 6. O-O Bg7 7. c3 Ne7 8. Nd2 Nbc6 9. N2f3 O-O 10. Bg5 e5 11. Ne2 h6 12. Bxe7 Qxe7 13. Bc4 d6 14. h3 Kh8 15. Bd5 f5 16. Qd3 f4 17. Rad1 Rf6 18. Nh2 h5 19. f3 g5 20. Kf2 Nb8 21. Qc2 Rg6 22. Ke1 Bh6 23. Nc1 Nd7 24. Qf2 Nf6 25. Rh1 Nxd5 26. Rxd5 Be6 27. Rd1 Rd8 28. b3 d5 29. Nd3 Bg7 30. Nc5 Bf7 31. exd5 Bxd5 32. Ne4 Bxe4 33. fxe4 Rxd1+ 34. Kxd1 Qa3 35. Qc2 Rd6+ 36. Ke2 Qc5 37. Re1 Qe3+ 38. Kf1 Qg3 39. Nf3 g4 40. hxg4 hxg4 41. Ng5 Rg6 42. Nf7+ Kg8 43. Nd8 Rh6 44. Qd2 Rh1+ 45. Ke2 Qxg2+ 46. Kd1 Rxe1+ 47. Qxe1 f3 0-1

[Event "North Bay int."]
[Site "North Bay CAN"]
[Date "1999.08.05"]
[Round "4"]
[White "Hergott, Deen"]
[Black "Zugic, Igor"]
[Result "1/2-1/2"]
[WhiteElo "2396"]
[BlackElo "2406"]
[PlyCount "84"]
[GameId "2160767911742588"]
[EventDate "1999.08.04"]
[EventType "swiss"]
[EventRounds "9"]
[EventCountry "CAN"]
[SourceTitle "EXT 2000"]
[Source "ChessBase"]
[SourceDate "1999.11.18"]
[SourceVersion "1"]
[SourceVersionDate "1999.11.18"]
[SourceQuality "1"]

1. Nf3 e6 2. c4 Nf6 3. g3 d5 4. Bg2 c5 5. O-O Nc6 6. d4 cxd4 7. Nxd4 Bc5 8. Nb3 Be7 9. cxd5 Nxd5 10. Nc3 Nxc3 11. Qxd8+ Kxd8 12. bxc3 Kc7 13. Nd4 a6 14. Nxc6 bxc6 15. Rb1 Bd6 16. Be3 Bd7 17. Bb6+ Kc8 18. Rfd1 Bc7 19. Bc5 Rd8 20. Rd2 Rb8 21. Rxb8+ Bxb8 22. Be4 Be5 23. Bb6 Bc7 24. Bc5 Be5 25. Rb2 Bxc3 26. Rb3 Ba5 27. Ra3 Bc7 28. Bd3 Kb8 29. Rb3+ Ka8 30. Bxa6 Bc8 31. Bxc8 Rxc8 32. Rd3 Rd8 33. Rxd8+ Bxd8 34. f4 Kb7 35. Kf2 Ka6 36. Bd4 g6 37. Ke3 Kb5 38. Kd3 c5 39. Be5 c4+ 40. Kc2 f5 41. Bd4 Ba5 42. Be3 h5 1/2-1/2

[Event "North Bay int."]
[Site "North Bay CAN"]
[Date "1999.08.05"]
[Round "4"]
[White "Kalinin, Alexander"]
[Black "Xu, Sheng Jun"]
[Result "1-0"]
[WhiteElo "2425"]
[BlackElo "2119"]
[PlyCount "130"]
[GameId "2160767911742589"]
[EventDate "1999.08.04"]
[EventType "swiss"]
[EventRounds "9"]
[EventCountry "CAN"]

1. d4 Nf6 2. Nf3 g6 3. c4 Bg7 4. Nc3 d6 5. Bg5 O-O 6. e3 Nbd7 7. Be2 e5 8. Qc2 c6 9. O-O Qc7 10. b4 h6 11. Bh4 Nh7 12. dxe5 dxe5 13. c5 e4 14. Bg3 Qd8 15. Nd4 Bxd4 16. exd4 f5 17. Bc4+ Kg7 18. Bd6 Rf6 19. d5 Rxd6 20. cxd6 c5 21. Nb5 Qb6 22. Nc7 Rb8 23. Ne6+ Kf7 24. Qc1 g5 25. Be2 cxb4 26. Bh5+ Kg8 27. Bg6 Nhf6 28. Bxf5 Qxd6 29. Nd4 Nb6 30. Qe3 Qxd5 31. Bxc8 Rxc8 32. Ne2 Qd3 33. Ng3 Qxe3 34. fxe3 Nbd5 35. Nf5 Ng4 36. Rfe1 Rc3 37. Rad1 Ngxe3 38. Nxe3 Nxe3 39. Rd8+ Kg7 40. Rd7+ Kg6 41. Rxb7 a5 42. Rb5 Ra3 43. Re5 Nc2 44. R1xe4 Rxa2 45. Re6+ Kf7 46. Re7+ Kf8 47. Rb7 Ra1+ 48. Kf2 Rd1 49. Rc4 Rd2+ 50. Kf3 Rd3+ 51. Ke2 Rc3 52. Rxc3 bxc3 53. Rc7 Nd4+ 54. Kd3 Ne6 55. Rc8+ Kg7 56. Kxc3 h5 57. Ra8 Kg6 58. Rxa5 h4 59. Ra2 Kf5 60. Kd3 Ke5 61. Ke3 Kf5 62. h3 Ke5 63. Kf3 Kf5 64. Ra5+ Kg6 65. Kg4 Nf4 1-0

[Event "North Bay int."]
[Site "North Bay CAN"]
[Date "1999.08.05"]
[Round "4"]
[White "Lazarev, Vladimir"]
[Black "Peredun, Andrew"]
[Result "1-0"]
[WhiteElo "2501"]
[BlackElo "2222"]
[PlyCount "70"]
[GameId "2160767911742590"]
[EventDate "1999.08.04"]
[EventType "swiss"]
[EventRounds "9"]
[EventCountry "CAN"]

1. d4 Nf6 2. c4 e6 3. Nc3 Bb4 4. Qc2 d5 5. a3 Bxc3+ 6. Qxc3 Ne4 7. Qc2 O-O 8. e3 b6 9. Bd3 Bb7 10. Ne2 Nd7 11. f3 Nef6 12. cxd5 exd5 13. g4 g6 14. h4 c5 15. Nf4 cxd4 16. exd4 Rc8 17. Qh2 Re8+ 18. Kf1 Nf8 19. g5 N6d7 20. Bd2 Ne6 21. h5 Nxg5 22. hxg6 fxg6 23. Bxg6 Qf6 24. Bxe8 Rxe8 25. Qh5 Ba6+ 26. Kg2 Re7 27. Rh4 Rg7 28. Rg4 Nf8 29. Rg3 Bb7 30. Kh1 h6 31. Rag1 Bc6 32. Nd3 Nfe6 33. Ne5 Ba4 34. Ng4 Qxd4 35. Nxh6+ Kf8 1-0

[Event "North Bay int."]
[Site "North Bay CAN"]
[Date "1999.08.05"]
[Round "4"]
[White "Mark, Eddie"]
[Black "Betaneli, Alexander"]
[Result "0-1"]
[WhiteElo "2410"]
[BlackElo "2261"]
[PlyCount "124"]
[GameId "2160767911742591"]
[EventDate "1999.08.04"]
[EventType "swiss"]
[EventRounds "9"]
[EventCountry "CAN"]

1. d4 Nf6 2. Nf3 d5 3. g3 Bf5 4. Bg2 h6 5. O-O e6 6. c4 c6 7. Nbd2 Be7 8. b3 O-O 9. Bb2 Nbd7 10. Ne5 Nxe5 11. dxe5 Nd7 12. Rc1 f6 13. exf6 Bxf6 14. Ba3 Be7 15. Bxe7 Qxe7 16. e4 dxe4 17. Nxe4 Nc5 18. Qe2 Nxe4 19. Bxe4 Bxe4 20. Qxe4 Rad8 21. Rcd1 Rd6 22. Rfe1 Rfd8 23. Rxd6 Rxd6 24. Qg4 Qd7 25. h4 Rd2 26. Rxe6 Rd6 27. Re4 Qxg4 28. Rxg4 Rd2 29. a4 Rb2 30. Rd4 Rxb3 31. Rd7 a5 32. Kg2 Rb4 33. Kf3 Rxa4 34. Rxb7 Rxc4 35. h5 a4 36. Ra7 Rc3+ 37. Ke4 a3 38. Kd4 Rf3 39. Kc5 Rxf2 40. Rxa3 Rf5+ 41. Kxc6 Rxh5 42. Kd6 Rf5 43. Ke6 Rf2 44. Ra7 Rf3 45. g4 Rf4 46. g5 hxg5 47. Ra5 g4 48. Rg5 Kh7 49. Ke5 Ra4 50. Kf5 g6+ 51. Kf6 Rf4+ 52. Ke6 Kh6 53. Ra5 g3 54. Ra3 g2 55. Rg3 Rf2 56. Ke5 Kh5 57. Ke4 g5 58. Ke3 Ra2 59. Kf3 g4+ 60. Kf4 Rf2+ 61. Ke3 Rf3+ 62. Rxf3 gxf3 0-1

[Event "North Bay int."]
[Site "North Bay CAN"]
[Date "1999.08.05"]
[Round "4"]
[White "Miezis, Normunds"]
[Black "Chatzilias, Alexis"]
[Result "1-0"]
[WhiteElo "2524"]
[BlackElo "2046"]
[PlyCount "61"]
[GameId "2160767911742592"]
[EventDate "1999.08.04"]
[EventType "swiss"]
[EventRounds "9"]
[EventCountry "CAN"]
[SourceTitle "EXT 2000"]
[Source "ChessBase"]
[SourceDate "1999.11.18"]
[SourceVersion "1"]
[SourceVersionDate "1999.11.18"]
[SourceQuality "1"]

1. c4 Nf6 2. Nc3 c5 3. e4 Nc6 4. g3 g6 5. Bg2 Bg7 6. Nge2 d6 7. d3 O-O 8. a3 a6 9. Rb1 Rb8 10. b4 cxb4 11. axb4 b5 12. cxb5 axb5 13. O-O h6 14. h3 e5 15. Be3 g5 16. Qd2 Kh7 17. d4 exd4 18. Nxd4 Nxd4 19. Bxd4 Be6 20. Rfd1 Qd7 21. g4 Rfd8 22. Qb2 Qe7 23. Ra1 Bc4 24. Ra7 Qe6 25. Nd5 Nxd5 26. exd5 Bxd5 27. Bxd5 Qxd5 28. Qb1+ Kg8 29. Bxg7 Qf3 30. Rd3 Qf4 31. Ba1 1-0

[Event "North Bay int."]
[Site "North Bay CAN"]
[Date "1999.08.05"]
[Round "4"]
[White "Mikanovic, Goran"]
[Black "Morrell, Gordon"]
[Result "1-0"]
[WhiteElo "2310"]
[BlackElo "2128"]
[PlyCount "107"]
[GameId "2160767911742593"]
[EventDate "1999.08.04"]
[EventType "swiss"]
[EventRounds "9"]
[EventCountry "CAN"]
[SourceTitle "EXT 2000"]
[Source "ChessBase"]
[SourceDate "1999.11.18"]
[SourceVersion "1"]
[SourceVersionDate "1999.11.18"]
[SourceQuality "1"]

1. d4 d6 2. Nf3 f5 3. g3 Nf6 4. Bg2 g6 5. O-O Bg7 6. c4 O-O 7. d5 e5 8. dxe6 c6 9. Nd4 Qe7 10. Nc3 Bxe6 11. b3 Na6 12. Bb2 Nc5 13. Qc2 a5 14. Nxe6 Qxe6 15. Rad1 Rad8 16. e3 Qe7 17. a3 Rfe8 18. b4 axb4 19. axb4 Nce4 20. b5 Qc7 21. bxc6 bxc6 22. Ne2 Rb8 23. Bd4 Nd7 24. Bxg7 Kxg7 25. Nc3 Ndc5 26. Rd4 Nb3 27. Rxe4 fxe4 28. Nxe4 Qe7 29. Rd1 Red8 30. f4 h6 31. Qc3+ Kf7 32. Nf2 Qf6 33. Qxf6+ Kxf6 34. Bxc6 Na5 35. Bd5 Rb4 36. Ng4+ Kg7 37. Ra1 h5 38. Nf2 Nb7 39. Ra7 Rd7 40. Ra8 Rb1+ 41. Kg2 Rb2 42. Kf3 Nc5 43. g4 Rxf2+ 44. Kxf2 hxg4 45. Kg3 Re7 46. Ra3 Kf6 47. Kxg4 Rh7 48. h4 Re7 49. Kg3 Kg7 50. Kf3 Kf6 51. e4 Rh7 52. Kg4 Re7 53. Re3 Nd7 54. Rb3 1-0

[Event "North Bay int."]
[Site "North Bay CAN"]
[Date "1999.08.05"]
[Round "4"]
[White "Nakamura, Hikaru"]
[Black "Rajlich, Vasik"]
[Result "1-0"]
[WhiteElo "2204"]
[BlackElo "2297"]
[PlyCount "103"]
[GameId "2160767911742595"]
[EventDate "1999.08.04"]
[EventType "swiss"]
[EventRounds "9"]
[EventCountry "CAN"]
[SourceTitle "EXT 2000"]
[Source "ChessBase"]
[SourceDate "1999.11.18"]
[SourceVersion "1"]
[SourceVersionDate "1999.11.18"]
[SourceQuality "1"]

1. e4 c5 2. Nf3 d6 3. d4 cxd4 4. Nxd4 Nf6 5. Nc3 a6 6. Be3 e5 7. Nb3 Qc7 8. f3 Be6 9. Qd2 b5 10. O-O-O Nbd7 11. g4 h6 12. h4 b4 13. Nd5 Bxd5 14. exd5 a5 15. Kb1 a4 16. Nc1 Ra5 17. Qxb4 Nxd5 18. Rxd5 Rxd5 19. Bb5 a3 20. Qa4 Rxb5 21. Qxb5 Be7 22. Ne2 O-O 23. b3 Rc8 24. c4 Rb8 25. Qd5 Nb6 26. Bxb6 Qxb6 27. Qe4 Qf2 28. h5 Bg5 29. Kc2 d5 30. Qd3 Rb4 31. Rb1 dxc4 32. bxc4 Rxb1 33. Kxb1 Be3 34. Qd8+ Kh7 35. Qd3+ g6 36. hxg6+ Kg7 37. gxf7 Qxf3 38. f8=Q+ Kxf8 39. Qxa3+ Kf7 40. Qd3 Qf1+ 41. Kc2 Bf4 42. c5 Qg2 43. a4 Qxg4 44. Nc3 Qg2+ 45. Kb3 Qb7+ 46. Nb5 Qc6 47. Nd6+ Ke6 48. Kb4 Qg2 49. Qf5+ Kd5 50. Qf7+ Kd4 51. Nf5+ Kd3 52. Qc4+ 1-0

[Event "North Bay int."]
[Site "North Bay CAN"]
[Date "1999.08.05"]
[Round "4"]
[White "O'Donnell, Robert"]
[Black "Kuczaj, Chris"]
[Result "1/2-1/2"]
[WhiteElo "1958"]
[BlackElo "2171"]
[PlyCount "47"]
[GameId "2160767911742597"]
[EventDate "1999.08.04"]
[EventType "swiss"]
[EventRounds "9"]
[EventCountry "CAN"]

1. d4 Nf6 2. Nf3 g6 3. c4 Bg7 4. Nc3 d5 5. Qb3 dxc4 6. Qxc4 O-O 7. e4 a6 8. Be3 b5 9. Qb3 Bb7 10. d5 c6 11. Rd1 Qa5 12. Bd2 b4 13. e5 Nxd5 14. Nxd5 Qxd5 15. Qxd5 cxd5 16. Bxb4 Nc6 17. Bc3 Rfd8 18. Be2 d4 19. Nxd4 Nxd4 20. Rxd4 Bxg2 21. Rxd8+ Rxd8 22. Rg1 Bd5 23. a3 Ra8 24. Rg4 1/2-1/2

[Event "North Bay int."]
[Site "North Bay CAN"]
[Date "1999.08.05"]
[Round "4"]
[White "Olson, David L"]
[Black "Djerkovic, Miladin"]
[Result "0-1"]
[WhiteElo "2127"]
[BlackElo "2201"]
[PlyCount "68"]
[GameId "2160767911742598"]
[EventDate "1999.08.04"]
[EventType "swiss"]
[EventRounds "9"]
[EventCountry "CAN"]
[SourceTitle "EXT 2000"]
[Source "ChessBase"]
[SourceDate "1999.11.18"]
[SourceVersion "1"]
[SourceVersionDate "1999.11.18"]
[SourceQuality "1"]

1. e4 e5 2. Nf3 Nc6 3. Bb5 a6 4. Ba4 Nf6 5. O-O Be7 6. Re1 b5 7. Bb3 d6 8. c3 O-O 9. d4 Bg4 10. d5 Na5 11. Bc2 c6 12. h3 Bxf3 13. Qxf3 cxd5 14. Nd2 dxe4 15. Nxe4 d5 16. Ng3 e4 17. Qe2 Qd7 18. Bg5 Nc4 19. b3 Na3 20. Rad1 Qe6 21. f3 Qe5 22. f4 Qxc3 23. Bxe4 dxe4 24. Nxe4 Bc5+ 25. Kh1 Nxe4 26. Qxe4 h6 27. Bh4 Rfe8 28. Qc6 Rec8 29. Qd7 Nc2 30. Re2 Nd4 31. Red2 Ne6 32. Rd3 Qb4 33. Be1 Qxf4 34. Rf3 Qc7 0-1

[Event "North Bay int."]
[Site "North Bay CAN"]
[Date "1999.08.05"]
[Round "4"]
[White "Olszewski, Piotr"]
[Black "Wenaas, Eric"]
[Result "1/2-1/2"]
[WhiteElo "2273"]
[BlackElo "2156"]
[PlyCount "27"]
[GameId "2160767911742599"]
[EventDate "1999.08.04"]
[EventType "swiss"]
[EventRounds "9"]
[EventCountry "CAN"]
[SourceTitle "EXT 2000"]
[Source "ChessBase"]
[SourceDate "1999.11.18"]
[SourceVersion "1"]
[SourceVersionDate "1999.11.18"]
[SourceQuality "1"]

1. d4 d5 2. c4 e6 3. cxd5 exd5 4. Nc3 Nf6 5. Bg5 Be7 6. e3 O-O 7. Bd3 Nbd7 8. Nf3 c6 9. Qc2 Re8 10. O-O-O Nf8 11. Rdg1 Be6 12. Bxf6 Bxf6 13. g4 g6 14. h4 1/2-1/2

[Event "North Bay int."]
[Site "North Bay CAN"]
[Date "1999.08.05"]
[Round "4"]
[White "Palsson, Halldor"]
[Black "Paschall, William M"]
[Result "0-1"]
[WhiteElo "2182"]
[BlackElo "2332"]
[PlyCount "96"]
[GameId "2160767911742600"]
[EventDate "1999.08.04"]
[EventType "swiss"]
[EventRounds "9"]
[EventCountry "CAN"]
[SourceTitle "EXT 2000"]
[Source "ChessBase"]
[SourceDate "1999.11.18"]
[SourceVersion "1"]
[SourceVersionDate "1999.11.18"]
[SourceQuality "1"]

1. d4 Nf6 2. c4 g6 3. Nc3 d5 4. cxd5 Nxd5 5. e4 Nxc3 6. bxc3 Bg7 7. Nf3 O-O 8. Be2 c5 9. O-O Nc6 10. Bg5 cxd4 11. cxd4 Nxd4 12. Nxd4 Bxd4 13. Rb1 b6 14. Qa4 Qd6 15. Rbd1 e5 16. Bh6 Rd8 17. Bg5 Bd7 18. Qb3 Be6 19. Qa4 Bd7 20. Qb3 Re8 21. Rd2 Kg7 22. Be3 Rad8 23. Rfd1 Be6 24. Qa4 Qc5 25. Bxd4 exd4 26. Rc2 Qe5 27. f3 Re7 28. Bd3 Rc7 29. Rcd2 Qf4 30. Bb5 Rc1 31. Rd3 Rxd1+ 32. Qxd1 Rc8 33. g3 Qg5 34. Qa4 Qc1+ 35. Rd1 Qe3+ 36. Kg2 Rc5 37. Bf1 Ra5 38. Qxd4+ Qxd4 39. Rxd4 Rxa2+ 40. Kg1 a5 41. g4 g5 42. Bb5 Rb2 43. Bc6 b5 44. e5 b4 45. h3 Rc2 46. Ba4 Re2 47. Re4 Rxe4 48. fxe4 b3 0-1

[Event "North Bay int."]
[Site "North Bay CAN"]
[Date "1999.08.05"]
[Round "4"]
[White "Pushkedra, Frank"]
[Black "Dutton, Warren"]
[Result "1-0"]
[WhiteElo "2345"]
[BlackElo "2025"]
[PlyCount "157"]
[GameId "2160767911742601"]
[EventDate "1999.08.04"]
[EventType "swiss"]
[EventRounds "9"]
[EventCountry "CAN"]
[SourceTitle "EXT 2000"]
[Source "ChessBase"]
[SourceDate "1999.11.18"]
[SourceVersion "1"]
[SourceVersionDate "1999.11.18"]
[SourceQuality "1"]

1. e4 e5 2. Nf3 Nc6 3. Bb5 f5 4. d3 fxe4 5. dxe4 Nf6 6. O-O d6 7. Nc3 Be7 8. Qd3 O-O 9. Bg5 Qe8 10. Nd5 Nxd5 11. exd5 a6 12. dxc6 axb5 13. Bxe7 Qxe7 14. Qxb5 b6 15. Nd2 Qg5 16. Ne4 Qg6 17. Ng3 Qxc2 18. Rac1 Qg6 19. a3 Kh8 20. Rfe1 Ra5 21. Qe2 Ba6 22. Qe3 Rd5 23. Red1 Rxd1+ 24. Rxd1 Qc2 25. Re1 Qxc6 26. Qg5 g6 27. Qe7 Kg8 28. Ne4 Bb7 29. f3 Rf7 30. Qe6 d5 31. Nf6+ Kg7 32. Ne8+ Kg8 33. Qxe5 Qc5+ 34. Kh1 Qf2 35. Qe6 Bc6 36. Qe5 Bb5 37. Rg1 Qe2 38. Nf6+ Kf8 39. Qxe2 Bxe2 40. Nxd5 Rxf3 41. Re1 Rf7 42. Rc1 Bc4 43. Ne3 Ba6 44. h3 c5 45. Kg1 Rd7 46. Rc2 Kg7 47. Kf2 Rf7+ 48. Kg3 Bd3 49. Rc3 Be4 50. Nc4 Rf6 51. Ne5 Rf5 52. Nd7 Rd5 53. Nxb6 Rd2 54. b3 Rxg2+ 55. Kf4 Rc2 56. Re3 Bf5 57. a4 Rd2 58. Rc3 Rd4+ 59. Ke5 Rb4 60. Nd5 Rb7 61. Kd6 Rd7+ 62. Kxc5 Be6 63. Nf4 Bf7 64. b4 g5 65. Nd3 Rd5+ 66. Kc6 Rd4 67. Kc5 Rd5+ 68. Kb6 Rd4 69. Ka5 Be6 70. Nc5 Bd5 71. b5 Rd2 72. Kb6 Ra2 73. a5 Kf6 74. a6 Ke5 75. a7 h5 76. Rd3 Bh1 77. Na6 Kf4 78. Rc3 Ra1 79. Rc6 1-0

[Event "North Bay int."]
[Site "North Bay CAN"]
[Date "1999.08.05"]
[Round "4"]
[White "Safranska, Anda"]
[Black "Divljan, Igor"]
[Result "1-0"]
[WhiteElo "2267"]
[BlackElo "2165"]
[PlyCount "83"]
[GameId "2160767911742602"]
[EventDate "1999.08.04"]
[EventType "swiss"]
[EventRounds "9"]
[EventCountry "CAN"]

1. e4 c5 2. Nf3 d6 3. Bb5+ Bd7 4. Bxd7+ Qxd7 5. O-O Nc6 6. c4 g6 7. Nc3 Bg7 8. Re1 Nf6 9. d3 O-O 10. Rb1 Rfd8 11. h3 Ne8 12. a3 Nc7 13. Nd5 e6 14. Nxc7 Qxc7 15. Bg5 Rd7 16. b4 b6 17. b5 Nd4 18. Nxd4 Bxd4 19. Qf3 Bg7 20. h4 h6 21. Bf4 e5 22. Bd2 Rf8 23. h5 Qd8 24. Qh3 g5 25. a4 Qe7 26. a5 Qe6 27. g4 Ra8 28. Ra1 Rdd8 29. Reb1 Qc8 30. Qf3 f6 31. Ra3 Kf7 32. Rba1 Qb7 33. Qf5 Ke7 34. Kg2 Rf8 35. Kg3 Rfc8 36. R3a2 a6 37. axb6 axb5 38. Ra7 Rxa7 39. Rxa7 Qxa7 40. bxa7 Ra8 41. cxb5 Rxa7 42. b6 1-0

[Event "North Bay int."]
[Site "North Bay CAN"]
[Date "1999.08.05"]
[Round "4"]
[White "St Amand, Paul Jr"]
[Black "Chiong, Luiz"]
[Result "1/2-1/2"]
[WhiteElo "2160"]
[BlackElo "2387"]
[PlyCount "101"]
[GameId "2160767911742603"]
[EventDate "1999.08.04"]
[EventType "swiss"]
[EventRounds "9"]
[EventCountry "CAN"]

1. e4 c5 2. c3 d6 3. d4 Nf6 4. Bd3 Qc7 5. h3 g6 6. Nf3 Bg7 7. O-O O-O 8. Be3 e5 9. d5 Nh5 10. Re1 Nd7 11. Bf1 Nhf6 12. Nfd2 Ne8 13. g4 f5 14. f3 f4 15. Bf2 g5 16. Be2 h5 17. a4 Kf7 18. Na3 Rh8 19. Nac4 Nef6 20. Kg2 Bf8 21. b4 Be7 22. Qb3 cxb4 23. cxb4 Kg7 24. Rac1 Qd8 25. Na3 a6 26. Nac4 Rh6 27. Rh1 b6 28. Qb1 Rb8 29. Nb3 Nf8 30. Nxb6 hxg4 31. hxg4 Rxh1 32. Kxh1 Bxg4 33. fxg4 Rxb6 34. Bxb6 Qxb6 35. Qd3 Qxb4 36. Nd2 Qxa4 37. Qxa6 Qxa6 38. Bxa6 Nxg4 39. Bb7 Kf6 40. Bc8 Ne3 41. Nc4 Nxc4 42. Rxc4 Bd8 43. Rc6 Ke7 44. Ra6 Ng6 45. Bg4 Nh4 46. Kg1 Bc7 47. Ra7 Kd8 48. Ra8+ Ke7 49. Ra7 Kd8 50. Ra8+ Ke7 51. Ra7 1/2-1/2

[Event "North Bay int."]
[Site "North Bay CAN"]
[Date "1999.08.05"]
[Round "4"]
[White "Voloaca, Mihnea"]
[Black "Taylor, Gordon"]
[Result "0-1"]
[WhiteElo "2039"]
[BlackElo "2301"]
[PlyCount "58"]
[GameId "2160767911742605"]
[EventDate "1999.08.04"]
[EventType "swiss"]
[EventRounds "9"]
[EventCountry "CAN"]
[SourceTitle "EXT 2000"]
[Source "ChessBase"]
[SourceDate "1999.11.18"]
[SourceVersion "1"]
[SourceVersionDate "1999.11.18"]
[SourceQuality "1"]

1. c4 c5 2. Nf3 Nf6 3. Nc3 d5 4. cxd5 Nxd5 5. e4 Nb4 6. Bc4 Nd3+ 7. Ke2 Nf4+ 8. Kf1 Ne6 9. Ne5 Nc6 10. Nxc6 bxc6 11. Qf3 g6 12. h4 h5 13. e5 Qc7 14. d4 cxd4 15. Nb5 Qb6 16. a4 Bg7 17. a5 Qc5 18. Nc7+ Nxc7 19. Qxf7+ Kd8 20. b3 Qxe5 21. Bg5 Rf8 22. Qxg6 Bf5 23. Qxc6 Be4 24. Qa4 Qf5 25. f3 Bxf3 26. Kg1 Bxg2 27. Bxe7+ Kxe7 28. Kxg2 Qf3+ 29. Kg1 Qf2# 0-1

[Event "North Bay int."]
[Site "North Bay CAN"]
[Date "1999.08.05"]
[Round "4"]
[White "Weeramantry, Sunil"]
[Black "Ottosen, David"]
[Result "1/2-1/2"]
[WhiteElo "2252"]
[BlackElo "2139"]
[PlyCount "130"]
[GameId "2160767911742606"]
[EventDate "1999.08.04"]
[EventType "swiss"]
[EventRounds "9"]
[EventCountry "CAN"]

1. e4 e6 2. Nc3 d5 3. d4 dxe4 4. Nxe4 Bd7 5. Nf3 Bc6 6. Bd3 Nd7 7. Qe2 Ngf6 8. Ng3 Be7 9. O-O O-O 10. Re1 Re8 11. a3 Bxf3 12. Qxf3 c5 13. dxc5 Nxc5 14. Bb5 Rf8 15. b4 Qb6 16. Bf1 Ncd7 17. c4 Rfc8 18. c5 Qc6 19. Qxc6 Rxc6 20. Bb5 Rcc8 21. Bg5 Kf8 22. Rad1 Nb8 23. f4 b6 24. Bxf6 gxf6 25. Ne4 bxc5 26. Rc1 Nc6 27. Nxc5 Nd4 28. Bd3 Bd6 29. Re4 Nf5 30. Nxe6+ fxe6 31. Rxc8+ Rxc8 32. Rxe6 Kf7 33. Bxf5 Rc1+ 34. Kf2 Bxf4 35. g3 Be5 36. Ra6 Bd4+ 37. Ke2 h6 38. Kd3 Bb6 39. a4 Rf1 40. Be4 Rd1+ 41. Kc3 Rc1+ 42. Kb3 Re1 43. a5 Bg1 44. Bd3 Re7 45. h3 h5 46. Rc6 Bf2 47. Rc3 Re3 48. g4 hxg4 49. hxg4 Rg3 50. Bc4+ Ke7 51. Rxg3 Bxg3 52. Bd3 Kd6 53. Kc4 Kc7 54. Kb5 Bf2 55. Be4 Bg1 56. Ka6 Bf2 57. Kb5 Bg1 58. Kc4 Bf2 59. b5 Bg1 60. b6+ axb6 61. a6 Kb8 62. Kb5 Ka7 63. Bd3 Bf2 64. Kc6 Bd4 65. Kd5 Ba1 1/2-1/2

[Event "North Bay int."]
[Site "North Bay CAN"]
[Date "1999.08.05"]
[Round "4"]
[White "Yee, Lorne"]
[Black "Baragar, Fletcher"]
[Result "0-1"]
[WhiteElo "2084"]
[BlackElo "2305"]
[PlyCount "151"]
[GameId "2160767911742607"]
[EventDate "1999.08.04"]
[EventType "swiss"]
[EventRounds "9"]
[EventCountry "CAN"]
[SourceTitle "EXT 2000"]
[Source "ChessBase"]
[SourceDate "1999.11.18"]
[SourceVersion "1"]
[SourceVersionDate "1999.11.18"]
[SourceQuality "1"]

1. c4 e5 2. Nc3 d6 3. g3 g6 4. Bg2 Bg7 5. e3 f5 6. Nge2 Nf6 7. d3 O-O 8. O-O a5 9. Rb1 Nc6 10. a3 g5 11. f4 h6 12. b4 axb4 13. axb4 Ne7 14. Qc2 Ng6 15. b5 Kh8 16. Nd5 Nxd5 17. Bxd5 Qe8 18. Bf3 Rg8 19. Kh1 Ne7 20. Nc3 Qg6 21. Bd2 gxf4 22. gxf4 exf4 23. Rg1 Qf7 24. exf4 Bd4 25. Rxg8+ Qxg8 26. Ne2 Bf6 27. Rg1 Qf8 28. Bc3 c6 29. Qb2 Bxc3 30. Qxc3+ Kh7 31. bxc6 bxc6 32. Ng3 Qh8 33. Qe1 Ng6 34. Bh5 Nxf4 35. Qe7+ Qg7 36. Qxg7+ Kxg7 37. Ne2+ Kf6 38. Nxf4 Ke5 39. Ne2 c5 40. Bf3 Ra2 41. Rg8 Bd7 42. Rh8 Rd2 43. Rxh6 Rxd3 44. Bd5 f4 45. Rh5+ Bf5 46. Kg2 Rd2 47. Kf3 Rd3+ 48. Kf2 Rd2 49. Ke1 Rc2 50. Bg8 Ke4 51. Kf2 Rxe2+ 52. Kxe2 Bg4+ 53. Kf2 Bxh5 54. Bd5+ Kf5 55. Kg2 Kg5 56. Be6 Be8 57. Kf2 Bc6 58. Ke2 Be4 59. Kf2 Kf6 60. Bg8 Ke5 61. Ke2 d5 62. cxd5 Bxd5 63. Bh7 c4 64. h4 Bf7 65. Bc2 Bh5+ 66. Kd2 Kd4 67. Bf5 c3+ 68. Kc2 f3 69. Bh3 Bg6+ 70. Kc1 Ke3 71. Kd1 Kf2 72. h5 Bh7 73. h6 Kg1 74. Ke1 f2+ 75. Ke2 Bf5 76. Bf1 0-1

[Event "North Bay int."]
[Site "North Bay CAN"]
[Date "1999.08.06"]
[Round "5"]
[White "Baragar, Fletcher"]
[Black "Boehmer, Kris"]
[Result "1/2-1/2"]
[WhiteElo "2305"]
[BlackElo "2154"]
[PlyCount "54"]
[GameId "2160767911742608"]
[EventDate "1999.08.04"]
[EventType "swiss"]
[EventRounds "9"]
[EventCountry "CAN"]

1. d4 Nf6 2. c4 e6 3. Nf3 Bb4+ 4. Bd2 Qe7 5. g3 Nc6 6. Bg2 Bxd2+ 7. Nbxd2 d6 8. O-O a5 9. e4 e5 10. d5 Nb8 11. Ne1 O-O 12. Nd3 Bd7 13. Qb3 Na6 14. f4 Ng4 15. Rae1 f6 16. h3 Nh6 17. fxe5 dxe5 18. Rc1 a4 19. Qa3 c5 20. dxc6 Qxa3 21. bxa3 Bxc6 22. Nb4 Nc5 23. Nd5 Nf7 24. Rc3 Nd6 25. h4 Rf7 26. Re1 Rd8 27. Bh3 Bd7 1/2-1/2

[Event "North Bay int."]
[Site "North Bay CAN"]
[Date "1999.08.06"]
[Round "5"]
[White "Betaneli, Alexander"]
[Black "Wenaas, Eric"]
[Result "1/2-1/2"]
[WhiteElo "2261"]
[BlackElo "2156"]
[PlyCount "110"]
[GameId "2160767911742609"]
[EventDate "1999.08.04"]
[EventType "swiss"]
[EventRounds "9"]
[EventCountry "CAN"]
[SourceTitle "EXT 2000"]
[Source "ChessBase"]
[SourceDate "1999.11.18"]
[SourceVersion "1"]
[SourceVersionDate "1999.11.18"]
[SourceQuality "1"]

1. c4 Nf6 2. Nc3 e6 3. Nf3 d5 4. d4 Nbd7 5. Bg5 c6 6. e3 Qa5 7. cxd5 Nxd5 8. Qd2 N7b6 9. Nxd5 Qxd2+ 10. Nxd2 cxd5 11. Bd3 Bd6 12. O-O O-O 13. Rac1 Bd7 14. Nb1 Rfc8 15. b3 h6 16. Bh4 Rxc1 17. Rxc1 Rc8 18. Rxc8+ Bxc8 19. Nc3 a6 20. Bd8 Nd7 21. Na4 Kf8 22. Nb6 Nxb6 23. Bxb6 Ke8 24. a4 Bd7 25. f3 Bc6 26. g3 Kd7 27. Kf2 Bc7 28. Bc5 Ke8 29. e4 e5 30. Ke3 dxe4 31. Bxe4 Bxe4 32. Kxe4 exd4 33. Bxd4 g6 34. Kd5 Kd7 35. Bg7 h5 36. Bf6 Bd6 37. f4 Ba3 38. Be5 Bb4 39. Bf6 Ba3 40. Be5 Bb4 41. Bb8 Ba3 42. Ba7 Bd6 43. Bd4 h4 44. Bf2 hxg3 45. hxg3 Bb4 46. Bc5 Be1 47. g4 Bd2 48. Bd6 Bc1 49. Be5 Ba3 50. Bb8 Bb4 51. Ba7 Bd2 52. f5 gxf5 53. gxf5 Bh6 54. Bd4 Bf8 55. Bc5 Bg7 1/2-1/2